000 nam a22 7a 4500
999 _c8476
_d8476
008 180117b ||||| |||| 00| 0 eng d
100 _aAggarwal.K.etal.
_94872
245 _aSelf Learning English
260 _aNew Delhi
_bS. Chand
_c2009